| 000 | 00527nam a2200217Ia 4500 | ||
|---|---|---|---|
| 003 | OSt | ||
| 005 | 20220924143544.0 | ||
| 006 | a|||||r|||| 00| 0 | ||
| 007 | ta | ||
| 008 | 220923b |||||||| |||| 00| 0 urd d | ||
| 024 | _a308946 | ||
| 037 | _cTextual | ||
| 040 |
_aARTS _cARTS _burd |
||
| 041 |
_2urd _aurd |
||
| 082 | _aO15,1I95,1, 168A1 | ||
| 245 | 0 | _aPadmawat bhakha | |
| 260 | _c1861 | ||
| 650 | _aSANSKRIT LITERATURE | ||
| 942 |
_hO15,1I95,1, 168A1 _cTEXL _2CC |
||
| 999 |
_c454974 _d454974 |
||